الوسيط في شرح قانون المرور ولائحة التنفيذية / (Record no. 47430)
[ view plain ]
| 000 -LEADER | |
|---|---|
| fixed length control field | 01420nam a2200325 i 4500 |
| 003 - CONTROL NUMBER IDENTIFIER | |
| control field | EG-GICUC |
| 005 - DATE AND TIME OF LATEST TRANSACTION | |
| control field | 20260121101407.0 |
| 008 - FIXED-LENGTH DATA ELEMENTS--GENERAL INFORMATION | |
| fixed length control field | 251129s1985 ua k|||fr|||| 00| 0 ara d |
| 017 ## - COPYRIGHT OR LEGAL DEPOSIT NUMBER | |
| Copyright or legal deposit number | 1984/7328 |
| 020 ## - INTERNATIONAL STANDARD BOOK NUMBER | |
| International Standard Book Number | 9773670856 |
| 040 ## - CATALOGING SOURCE | |
| Original cataloging agency | EG-GICUC |
| Language of cataloging | ara |
| Transcribing agency | EG-GICUC |
| Modifying agency | EG-GICUC |
| Description conventions | rda |
| 041 0# - LANGUAGE CODE | |
| Language code of text/sound track or separate title | ara |
| 082 04 - DEWEY DECIMAL CLASSIFICATION NUMBER | |
| Edition number | 21 |
| Classification number | 343.432 |
| Item number | م ع . و |
| 092 04 - LOCALLY ASSIGNED DEWEY CALL NUMBER (OCLC) | |
| Edition number | 21 |
| 099 ## - LOCAL FREE-TEXT CALL NUMBER (OCLC) | |
| Classification number | Law1 10 343.432 م ع . و 1985 |
| 100 0# - MAIN ENTRY--PERSONAL NAME | |
| Personal name | معوض عبد التواب |
| Relator term | مؤلف. |
| 245 12 - TITLE STATEMENT | |
| Title | الوسيط في شرح قانون المرور ولائحة التنفيذية / |
| Statement of responsibility, etc. | معوض عبد التواب. |
| 264 #1 - PRODUCTION, PUBLICATION, DISTRIBUTION, MANUFACTURE, AND COPYRIGHT NOTICE | |
| Place of production, publication, distribution, manufacture | القاهرة : |
| Name of producer, publisher, distributor, manufacturer | مكتبة الأنجلو المصرية، |
| Date of production, publication, distribution, manufacture, or copyright notice | 1985. |
| 300 ## - PHYSICAL DESCRIPTION | |
| Extent | 207 صفحة : |
| Other physical details | إيضاحيات؛ |
| Dimensions | 24 سم. |
| 336 ## - CONTENT TYPE | |
| Source | rda content |
| Content type term | text |
| 337 ## - MEDIA TYPE | |
| Source | rda media |
| Media type term | Computer |
| 338 ## - CARRIER TYPE | |
| Source | rda carrier |
| Carrier type term | Online Resource |
| 500 ## - GENERAL NOTE | |
| General note | في شرح قانون المرور ولائحة التنفيذية<br/>التعليق على نصوص القانون بالشرح وأحكام<br/>النقض في خمسين عاما وحتى ديسمبر سنة ١٩٨٤ القيود والأوصاف والصيغ القانونية |
| 546 ## - LANGUAGE NOTE | |
| Language note | النص باللغة العربية |
| 650 14 - SUBJECT ADDED ENTRY--TOPICAL TERM | |
| Topical term or geographic name entry element | التشريع الخاص بالمرور |
| 650 14 - SUBJECT ADDED ENTRY--TOPICAL TERM | |
| Topical term or geographic name entry element | القانون الجنائي |
| 856 40 - ELECTRONIC LOCATION AND ACCESS | |
| Uniform Resource Identifier | <a href="https://fll.law.cu.edu.eg/fulltext/bks/B10-06836.pdf">https://fll.law.cu.edu.eg/fulltext/bks/B10-06836.pdf</a> |
| 905 ## - Cataloger and Reviser Names | |
| Cataloger Name: | Roqaia Ahmed |
| Revisor Name: | Hassnaa |
| 942 ## - ADDED ENTRY ELEMENTS (KOHA) | |
| Source of classification or shelving scheme | Dewey Decimal Classification |
| Koha item type | Books |
| Edition | 21 |
| Suppress in OPAC | No |
| Withdrawn status | Lost status | Source of classification or shelving scheme | Damaged status | Not for loan | Collection | Home library | Current library | Date acquired | Total checkouts | Full call number | Barcode | Date last seen | Copy number | Price effective from | Koha item type |
|---|---|---|---|---|---|---|---|---|---|---|---|---|---|---|---|
| Dewey Decimal Classification | يحتاج إلى ترميم | Not for loan | القانون الجنائي | جــــامعة القــاهرة | مكتبة كلية الحقوق - المبنى الرئيسي | 29.11.2025 | Law1 10 343.432 م ع . و 1985 1006836 C1 | B10-06836 | 29.11.2025 | 1 | 29.11.2025 | Books | |||
| Dewey Decimal Classification | القانون الجنائي | جــــامعة القــاهرة | مكتبة كلية الحقوق - المبنى الرئيسي | 08.01.2026 | Law1 10 343.432 م ع . و 1985 1006791 C2 | B10-06791 | 08.01.2026 | 2 | 08.01.2026 | Books | |||||
| Dewey Decimal Classification | القانون الجنائي | جــــامعة القــاهرة | مكتبة كلية الحقوق - فـرع الشيخ زايد | 08.01.2026 | Law2 10 343.432 م ع . و 1985 1006777 C3 | B10-06777 | 08.01.2026 | 3 | 08.01.2026 | Books |